| 000 | 01209cam a2200337 i 4500 | ||
|---|---|---|---|
| 999 |
_c200429221 _d47145 |
||
| 001 | 200429221 | ||
| 003 | TR-AnTOB | ||
| 005 | 20230523152626.0 | ||
| 007 | ta | ||
| 008 | 880516s1985 tu bf b f000 0 tur d | ||
| 040 |
_aDLC _beng _erda _cDLC _dDLC _dTR-AnTOB |
||
| 041 | _atur | ||
| 050 | 0 | _aDR479.G8 | |
| 090 |
_aDR479.G8 _bT8 1985 |
||
| 245 | 0 | 0 |
_aTürk-Yunan ilişkileri ve megalo idea / _cGenelkurmay Askeri Tarih ve Stratejik Etüt Başkanlığı. |
| 264 |
_aAnkara : _bGenelkurmay Basımevi, _c1985. |
||
| 300 |
_aiv, 98, [7] leaves of plates (some folded) : _bmaps ; _c20 cm. |
||
| 336 |
_atext _2rdacontent |
||
| 337 |
_2rdamedia _aunmediated |
||
| 338 |
_avolume _2rdacarrier |
||
| 590 | _aDonated by Levent Kuşoğlu | ||
| 651 | 7 |
_aTürkiye _xİlişkiler _zYunanistan _2etuturkob _925887 |
|
| 651 | 7 |
_aYunanistan _xİlişkiler _zTürkiye _2etuturkob _925885 |
|
| 651 | 0 |
_aYunanistan _xTarih _y1821- _930102 |
|
| 651 | 0 |
_aGreece _xHistory _y1821- _930101 |
|
| 651 | 0 |
_aGreece _xForeign relations _zTurkey _924923 |
|
| 651 | 0 |
_aTurkey _xForeign relations _zGreece _924922 |
|
| 710 |
_aTürkiye. _bAskeri Tarih ve Stratejik Etüt Başkanlığı _940284 |
||
| 942 |
_2lcc _cBK |
||